Entremes del casado por fuerza (Record no. 136889)

MARC details
000 -CABECERA
campo de control de longitud fija 01275nam a2200349 a 4500
001 - NÚMERO DE CONTROL
campo de control 991053350019706706
003 - IDENTIFICADOR DEL NÚMERO DE CONTROL
campo de control ES-BaIT
005 - FECHA Y HORA DE LA ÚLTIMA TRANSACCIÓN
campo de control 20260119103802.0
008 - DATOS DE LONGITUD FIJA--INFORMACIÓN GENERAL
campo de control de longitud fija 031215s1790 sp |||||||||||00| d|spa|c
035 ## - NÚMERO DE CONTROL DEL SISTEMA
Número de control de sistema (ES-BaCBU).b38758738
040 ## - FUENTE DE LA CATALOGACIÓN
Centro catalogador/agencia de origen ES-BaCBU
Lengua de catalogación cat
Centro/agencia transcriptor ES-BaCBU
080 ## - NÚMERO DE LA CLASIFICACIÓN DECIMAL UNIVERSAL
Número de la Clasificación Decimal Universal 860-2"17"
245 00 - MENCIÓN DE TÍTULO
Título Entremes del casado por fuerza
260 ## - PUBLICACIÓN, DISTRIBUCIÓN, ETC.
Lugar de publicación, distribución, etc. [Madrid] :
Nombre del editor, distribuidor, etc. Se hallará en la librería de Quiroga, calle de la Concepcion,
Fecha de publicación, distribución, etc. [ca. 1790]
300 ## - DESCRIPCIÓN FÍSICA
Extensión 16 p. ;
Dimensiones 8º;
-- 16 cm
500 ## - NOTA GENERAL
Nota general Tít. obtingut de l'epígraf i dades d'edició obtingudes del colofó
500 ## - NOTA GENERAL
Nota general Només s'indiquen les seqüències numerades de p.
500 ## - NOTA GENERAL
Nota general Reclams
500 ## - NOTA GENERAL
Nota general P4: H4
533 ## - NOTA DE REPRODUCCIÓN
Tipo de reproducción Reproducció digital disponible a Biblioescènic
593 ## - Camps col·lecció exemplar
Signatura topogràfica i/o núm. de registre VIT-081/18.
Notes Relligat en volum factici.
Digitalització Exemplar digitalitzat per Crossland.
Nom de la col·lecció especial Artur Sedó
650 #0 - PUNTO DE ACCESO ADICIONAL DE MATERIA--TÉRMINO DE MATERIA
Término de materia o nombre geográfico como elemento de entrada Entremesos
Subdivisión cronológica S. XVIII
Fuente del encabezamiento o término lemac
9 (RLIN) 162695
700 ## - ENTRADA AGREGADA--NOMBRE PERSONAL
Nombre de persona Quiroga
Término indicativo de función/relación impressor
9 (RLIN) 137527
730 0# - ENTRADA AGREGADA--TÍTULO UNIFORME
Título uniforme Col·lecció digital Biblioescènic del MAE
9 (RLIN) 69172
752 ## - ENTRADA AGREGADA--NOMBRE JERÁRQUICO DEL LUGAR
Ciudad Madrid
856 41 - LOCALIZACIÓN Y ACCESO ELECTRÓNICOS
Nota pública Accés lliure (Biblioescènic)
Identificador Uniforme del Recurso <a href="https://books.cdmae.cat/visorpdf/?recurs=SV0081-18">https://books.cdmae.cat/visorpdf/?recurs=SV0081-18</a>
902 ## - ELEMENTOS DE DATOS B LOCAL, LDB (RLIN)
a Patrimoni
908 ## - COLOCAR PARÁMETRO DE COMANDO (RLIN)
Colocar parámetro de comando AHCB
-- BMVB
-- CDMAE
910 0# - DATOS DE OPCIÓN DEL USUARIO (OCLC)
Datos de opción del usuario Quiroga,
940 ## - EQUIVALENCIA O REFERENCIA-CRUZADA--TÍTULO UNIFORME [OBSOLETO] [solamente CAN/MARC]
Fecha de la firma de un tratado CDMAE
942 ## - ELEMENTOS DE ENTRADA AGREGADA (KOHA)
Fuente del sistema de clasificación o colocación Clasificación decimal universal
Tipo de ítem Koha Digital
Holdings
Estado de retiro Estado de pérdida Fuente del sistema de clasificación o colocación Estado dañado No para préstamo Código de colección Localización permanente Ubicación/localización actual Ubicación en estantería Fecha de adquisición Fuente de adquisición Total de préstamos Signatura topográfica completa Código de barras Fecha visto por última vez Precio válido a partir de Tipo de ítem Koha
    Clasificación decimal universal   Exclòs de préstec Artur Sedó Biblioteca Barcelona Biblioteca Barcelona BCN Magatzem Sedó Vitrina 19/01/2026 Reconversió   VIT-081/18 vit08118 19/01/2026 19/01/2026 Antiquària

Powered by Koha